00748nam a2200217 4500003001100000005001700011008004100028020001400069040003900083041000800122082001700130100001700147245006800164250002000232260007500252300004200327650004800369942000700417952009100424999001500515LK-CoMWRAF20230921144007.0230921b2004 |||||||| |||| 00| 0 eng d a955911020 aLK-CoMWRAFdLK-CoMWRAFeLK-CoMWRAF aeng a346.015bJAL aJaldeen, M.S aThe Muslim Law of Marriage Divorce and Maintenance in Sri Lanka a2nd revised ed. aColombo:bHaji Omar foundation for peace, education and researchc2004 axxi, 274 p. ; 22 cm. bIndex included a DOMESTIC RELATIONS (ISLAMIC LAW)-Sri Lanka cBK 00104070aMAINbMAINd2023-09-21l0o346.015 JALpRAF734r2023-09-21w2023-09-21yBK c3593d3593